| 000 | 02028cam a22004574i 4500 | ||
|---|---|---|---|
| 003 | PE-LiUPU | ||
| 005 | 20250731172705.0 | ||
| 008 | 150617s1937 xxu r 000 0 eng d | ||
| 035 | _a(Sirsi) a10251 | ||
| 040 |
_aPE-LiUPU _bspa _cPE-LiUPU _dPE-LiUPU _erda |
||
| 049 | _aPRUA | ||
| 082 | 0 | 4 |
_a236.9 _bS75 _221 |
| 100 | 1 |
_aSpicer, William A., _eautor. |
|
| 245 | 1 | 4 |
_aThe spirit of prophecy : _bin the advent movement / _c William A. Spicer. |
| 264 | 1 |
_aWashington : _bReview and Herald, _c1937. |
|
| 300 |
_a128 páginas ; _c20 centímetros |
||
| 336 |
_atext _2rdacontent |
||
| 337 |
_aunmediated _2rdamedia |
||
| 338 |
_avolume _2rdacarrier |
||
| 505 | 0 | _aSpiritual gifts to the church -- The rise of the advent movement -- Two distinguihing features of the advent movement -- The coming of the gift in the church -- The place of the gift in the ordinary -- For the spiritual up building of the church -- In building up an organized movement -- Development of the publishing work -- Building up a sistem of chritian education -- Health and temperance and medical missionary activity -- A world program -- Removals of our Headquarters -- Forewarnings of a great crisis -- illustrative incidents -- Still building up. | |
| 526 | _aSEG42 | ||
| 526 | _aSEG41 | ||
| 526 | _aSEG40 | ||
| 526 | _aSEG39 | ||
| 526 | _aP94 | ||
| 526 | _aP87 | ||
| 526 | _aP86 | ||
| 526 | _aP85 | ||
| 526 | _aP77 | ||
| 526 | _aP76 | ||
| 526 | _aP35 | ||
| 650 | 0 | 4 |
_aDones espirituales. _91203 |
| 650 | 0 | 4 |
_aIASD _xDon profético. |
| 910 |
_ajck _bjvq _cjck _d20150616 |
||
| 942 |
_2ddc _cBOOK |
||
| 949 |
_a236.9 S75 _wDEWEY _c1 _i08145 _lCCODEBUL1 _mBUL _p00.00 _r0 _sY _tBOOK _u19980726 _xTEOLOGIA _PP35 _0COMPRA _o.STAFF. Colección Teología |
||
| 994 |
_aC0 _bPEPRU |
||
| 596 | _a1 | ||
| 999 |
_a236.9 S75 _wDEWEY _c277 _i08145 _f2021-11-11 _g6 _lCCODEBUL1 _mBUL _p8.00 _r0 _sY _tBOOK _u2015-6-17 _xTEOLOGIA _PP35 _0COMPRA _o.STAFF. Colección Teología _d277 |
||
| 980 |
_81 _gALBERTO SANCHEZ Responsable de Automatización |
||